[Event "448. Wednesday (05.08.2020)"]
[Site "Official B"]
[Date "2020.08.05"]
[Round "5"]
[White "Schaumi"]
[Black "Flaviao"]
[Result "0-1"]
[WhiteElo "1747"]
[BlackElo "1565"]
[Annotator "NA RC"]
[PlyCount "122"]
[EventDate "2020.08.05"]
[EventType "swiss (blitz)"]

1. d4 {[%emt 0:00:02]} d6 {[%emt 0:00:01]} 2. c4 {[%emt 0:00:04]} c6 {[%emt 0:00:01]} 3. Nc3 {[%emt 0:00:03]} Qc7 {[%emt 0:00:01]} 4. e4 {[%emt 0:00:02]} Nd7 {[%emt 0:00:01]} 5. Nf3 {[%emt 0:00:02]} e5 {[%emt 0:00:01]} 6. Be3 {[%emt 0:00:04]} a6 {[%emt 0:00:02]} 7. a4 {[%emt 0:00:03]} Ne7 {[%emt 0:00:01]} 8. Qd2 {[%emt 0:00:05]} Ng6 {[%emt 0:00:02]} 9. g3 {[%emt 0:00:05]} Rb8 {[%emt 0:00:04]} 10. h4 {[%emt 0:00:14]} h6 {[%emt 0:00:07]} 11. h5 {[%emt 0:00:04]} Ne7 {[%emt 0:00:02]} 12. Be2 {[%emt 0:00:05]} exd4 {[%emt 0:00:01]} 13. Nxd4 {[%emt 0:00:02]} Ne5 {[%emt 0:00:01]} 14. f4 {[%emt 0:00:04]} Nd7 {[%emt 0:00:08]} 15. g4 {[%emt 0:00:05]} c5 {[%emt 0:00:01]} 16. Nf3 {[%emt 0:00:06]} Nf6 {[%emt 0:00:04]} 17. g5 {[%emt 0:00:33]} Ng4 {[%emt 0:00:07]} 18. Bg1 {[%emt 0:00:03]} Nc6 {[%emt 0:00:10]} 19. Nd5 {[%emt 0:00:05]} Qa5 {[%emt 0:00:13]} 20. Qxa5 {[%emt 0:00:09]} Nxa5 {[%emt 0:00:02]} 21. Nd2 {[%emt 0:00:01]} hxg5 {[%emt 0:00:07]} 22. fxg5 {[%emt 0:00:02]} Ne5 {[%emt 0:00:02]} 23. Bh2 {[%emt 0:00:13]} Be6 {[%emt 0:00:04]} 24. Nc7+ {[%emt 0:00:11]} Kd7 {[%emt 0:00:06]} 25. Nxe6 {[%emt 0:00:06]} fxe6 {[%emt 0:00:04]} 26. Bxe5 {[%emt 0:00:12]} dxe5 {[%emt 0:00:02]} 27. O-O {[%emt 0:00:02]} Bd6 {[%emt 0:00:07]} 28. Rf7+ {[%emt 0:00:02]} Kc6 {[%emt 0:00:02]} 29. Rxg7 {[%emt 0:00:08]} Rhg8 {[%emt 0:00:02]} 30. Rxg8 {[%emt 0:00:04]} Rxg8 {[%emt 0:00:02]} 31. g6 {[%emt 0:00:02]} Be7 {[%emt 0:00:04]} 32. Rf1 {[%emt 0:00:04]} Bg5 {[%emt 0:00:03]} 33. Nf3 {[%emt 0:00:06]} Bf4 {[%emt 0:00:06]} 34. Nh2 {[%emt 0:00:05]} Nb3 {[%emt 0:00:03]} 35. Bg4 {[%emt 0:00:07]} Nd4 {[%emt 0:00:03]} 36. Bh3 {[%emt 0:00:11]} b5 {[%emt 0:00:07]} 37. Ng4 {[%emt 0:00:06]} Ne2+ {[%emt 0:00:12]} 38. Kg2 {[%emt 0:00:04]} Ng3 {[%emt 0:00:16]} 39. axb5+ {[%emt 0:00:04]} axb5 {[%emt 0:00:04]} 40. cxb5+ {[%emt 0:00:02]} Kxb5 {[%emt 0:00:01]} 41. Re1 {[%emt 0:00:09]} Nxh5 {[%emt 0:00:02]} 42. Kf3 {[%emt 0:00:08]} Rxg6 {[%emt 0:00:02]} 43. Bf1+ {[%emt 0:00:02]} Kc6 {[%emt 0:00:06]} 44. Ra1 {[%emt 0:00:04]} Kb6 {[%emt 0:00:20]} 45. Ra6+ {[%emt 0:00:03]} Kc7 {[%emt 0:00:04]} 46. Bc4 {[%emt 0:00:02]} Kd7 {[%emt 0:00:18]} 47. Bb5+ {[%emt 0:00:04]} Ke7 {[%emt 0:00:04]} 48. Rc6 {[%emt 0:00:02]} Nf6 {[%emt 0:00:03]} 49. Nxf6 {[%emt 0:00:03]} Kxf6 {[%emt 0:00:03]} 50. Rxc5 {[%emt 0:00:02]} Rg3+ {[%emt 0:00:02]} 51. Kf2 {[%emt 0:00:01]} Rb3 {[%emt 0:00:03]} 52. Kg2 {[%emt 0:00:14]} Rxb2+ {[%emt 0:00:03]} 53. Kh3 {[%emt 0:00:05]} Rh2+ {[%emt 0:00:03]} 54. Kg4 {[%emt 0:00:01]} Rg2+ {[%emt 0:00:03]} 55. Kh3 {[%emt 0:00:01]} Rg3+ {[%emt 0:00:03]} 56. Kh4 {[%emt 0:00:01]} Rb3 {[%emt 0:00:04]} 57. Be8 {[%emt 0:00:02]} Bg3+ {[%emt 0:00:07]} 58. Kg4 {[%emt 0:00:01]} Bf4 {[%emt 0:00:04]} 59. Rc7 {[%emt 0:00:02]} Rg3+ {[%emt 0:00:02]} 60. Kh4 {[%emt 0:00:01]} Re3 {[%emt 0:00:22]} 61. Rf7+ {[%emt 0:00:00]} Kg6 {[%emt 0:00:02] Zeit (Lag: Av=0.65s, max=1.0s)} 0-1

[Event "448. Wednesday (05.08.2020)"]
[Site "Official B"]
[Date "2020.08.05"]
[Round "5"]
[White "Hühnersuppe"]
[Black "Haris kollari 13"]
[Result "1-0"]
[WhiteElo "1740"]
[BlackElo "1819"]
[Annotator "NA RC"]
[PlyCount "79"]
[EventDate "2020.08.05"]
[EventType "swiss (blitz)"]

1. d4 {[%emt 0:00:07]} d5 {[%emt 0:00:01]} 2. c4 {[%emt 0:00:08]} e5 {[%emt 0:00:01]} 3. e3 {[%emt 0:00:08]} dxc4 {[%emt 0:00:01]} 4. Bxc4 {[%emt 0:00:09]} exd4 {[%emt 0:00:01]} 5. exd4 {[%emt 0:00:11]} Nf6 {[%emt 0:00:01]} 6. Ne2 {[%emt 0:00:05]} Be7 {[%emt 0:00:01]} 7. O-O {[%emt 0:00:01]} O-O {[%emt 0:00:01]} 8. Nbc3 {[%emt 0:00:02]} Nc6 {[%emt 0:00:01]} 9. h3 {[%emt 0:00:14]} Bf5 {[%emt 0:00:02]} 10. a3 {[%emt 0:00:03]} a6 {[%emt 0:00:12]} 11. Ng3 {[%emt 0:00:06]} Bg6 {[%emt 0:00:02]} 12. d5 {[%emt 0:00:04]} Ne5 {[%emt 0:00:09]} 13. Bb3 {[%emt 0:00:12]} Bd6 {[%emt 0:00:05]} 14. Bg5 {[%emt 0:00:09]} Ned7 {[%emt 0:00:10]} 15. Re1 {[%emt 0:00:14]} Re8 {[%emt 0:00:02]} 16. Qd2 {[%emt 0:00:10]} b5 {[%emt 0:00:10]} 17. Rxe8+ {[%emt 0:00:03]} Qxe8 {[%emt 0:00:01]} 18. Re1 {[%emt 0:00:04]} Qf8 {[%emt 0:00:01]} 19. Nce4 {[%emt 0:00:07]} Bxg3 {[%emt 0:00:11]} 20. Nxg3 {[%emt 0:00:04]} Re8 {[%emt 0:00:05]} 21. Rxe8 {[%emt 0:00:03]} Qxe8 {[%emt 0:00:02]} 22. Qa5 {[%emt 0:00:11]} Nc5 {[%emt 0:00:04]} 23. Ba2 {[%emt 0:00:14]} Qd7 {[%emt 0:00:11]} 24. Bxf6 {[%emt 0:00:08]} gxf6 {[%emt 0:00:01]} 25. b4 {[%emt 0:00:04]} Nd3 {[%emt 0:00:17]} 26. Qxa6 {[%emt 0:00:04]} Nc1 {[%emt 0:00:01]} 27. Bc4 {[%emt 0:00:21]} bxc4 {[%emt 0:00:11]} 28. Qxc4 {[%emt 0:00:01]} Nd3 {[%emt 0:00:12]} 29. b5 {[%emt 0:00:16]} Qd6 {[%emt 0:00:08]} 30. a4 {[%emt 0:00:05]} Qa3 {[%emt 0:00:11]} 31. Qxc7 {[%emt 0:00:08]} Qxa4 {[%emt 0:00:02]} 32. d6 {[%emt 0:00:03]} Qd1+ {[%emt 0:00:03]} 33. Kh2 {[%emt 0:00:02]} Ne5 {[%emt 0:00:09]} 34. b6 {[%emt 0:00:07]} f5 {[%emt 0:00:06]} 35. b7 {[%emt 0:00:04]} f4 {[%emt 0:00:01]} 36. b8=Q+ {[%emt 0:00:02]} Kg7 {[%emt 0:00:01]} 37. Qb2 {[%emt 0:00:14]} fxg3+ {[%emt 0:00:02]} 38. fxg3 {[%emt 0:00:02]} Kf6 {[%emt 0:00:15]} 39. Qe7+ {[%emt 0:00:02]} Kf5 {[%emt 0:00:01]} 40. Qexe5# {[%emt 0:00:02] (Lag: Av=1.40s, max=2.1s)} 1-0

[Event "448. Wednesday (05.08.2020)"]
[Site "Official B"]
[Date "2020.08.05"]
[Round "5"]
[White "AmberKnight"]
[Black "möwe"]
[Result "0-1"]
[WhiteElo "1713"]
[BlackElo "1546"]
[Annotator "NA RC"]
[PlyCount "66"]
[EventDate "2020.08.05"]
[EventType "swiss (blitz)"]

{Burke, Steve} 1. e4 {[%emt 0:00:01]} d5 {[%emt 0:00:03]} 2. exd5 {[%emt 0:00:06]} Qxd5 {[%emt 0:00:00]} 3. Nc3 {[%emt 0:00:01]} Qa5 {[%emt 0:00:02]} 4. Bc4 {[%emt 0:00:01]} c6 {[%emt 0:00:03]} 5. d3 {[%emt 0:00:01]} Nf6 {[%emt 0:00:01]} 6. Nf3 {[%emt 0:00:05]} Bg4 {[%emt 0:00:02]} 7. O-O {[%emt 0:00:02]} e6 {[%emt 0:00:02]} 8. Bg5 {[%emt 0:00:02]} Bxf3 {[%emt 0:00:05]} 9. Qxf3 {[%emt 0:00:07]} Qxg5 {[%emt 0:00:01]} 10. Rfe1 {[%emt 0:00:07]} Bd6 {[%emt 0:00:02]} 11. Ne4 {[%emt 0:00:15]} Nxe4 {[%emt 0:00:02]} 12. dxe4 {[%emt 0:00:03]} Nd7 {[%emt 0:00:14]} 13. Qb3 {[%emt 0:00:20]} Ne5 {[%emt 0:00:20]} 14. Bf1 {[%emt 0:00:03]} Rb8 {[%emt 0:00:17]} 15. g3 {[%emt 0:00:06]} Qh5 {[%emt 0:00:05]} 16. f4 {[%emt 0:00:02]} Nf3+ {[%emt 0:00:06]} 17. Kg2 {[%emt 0:00:12]} Nxe1+ {[%emt 0:00:05]} 18. Rxe1 {[%emt 0:00:01]} O-O {[%emt 0:00:06]} 19. Be2 {[%emt 0:00:04]} Qg6 {[%emt 0:00:07]} 20. e5 {[%emt 0:00:05]} Bc7 {[%emt 0:00:08]} 21. Bd3 {[%emt 0:00:02]} Qh5 {[%emt 0:00:08]} 22. Be2 {[%emt 0:00:02]} Qh6 {[%emt 0:00:01]} 23. Qe3 {[%emt 0:00:15]} Bb6 {[%emt 0:00:03]} 24. Qf3 {[%emt 0:00:05]} Rbd8 {[%emt 0:00:02]} 25. g4 {[%emt 0:00:03]} Rd2 {[%emt 0:00:11]} 26. h4 {[%emt 0:00:19]} Rfd8 {[%emt 0:00:23]} 27. h5 {[%emt 0:00:03]} g6 {[%emt 0:00:16]} 28. Rh1 {[%emt 0:00:29]} g5 {[%emt 0:00:18]} 29. f5 {[%emt 0:00:06]} exf5 {[%emt 0:00:05]} 30. gxf5 {[%emt 0:00:01]} Rxc2 {[%emt 0:00:22]} 31. Kg3 {[%emt 0:00:36]} Rdd2 {[%emt 0:00:06]} 32. Rd1 {[%emt 0:00:12]} Rxe2 {[%emt 0:00:07]} 33. Rd8+ {[%emt 0:00:02]} Bxd8 {[%emt 0:00:02] AmberKnight resigns (Lag: Av=0.61s, max=0.8s)} 0-1

[Event "448. Wednesday (05.08.2020)"]
[Site "Official B"]
[Date "2020.08.05"]
[Round "5"]
[White "Chessalex"]
[Black "Károly Lajosné"]
[Result "0-1"]
[WhiteElo "1700"]
[BlackElo "1971"]
[Annotator "TA"]
[PlyCount "158"]
[EventDate "2020.08.05"]
[EventType "swiss (blitz)"]

{[%evp 9,158,6,11,17,41,0,22,22,22,35,20,19,45,24,66,44,87,43,68,21,43,32,47,30,25,46,192,188,179,176,184,114,123,87,88,82,280,264,541,367,420,406,429,422,498,338,695,325,323,259,258,197,521,513,538,345,327,258,324,252,358,322,333,214,194,-185,-182,-184,-71,-278,-24,-24,-24,-24,-12,-12,938,0,0,-12,-12,-20,-20,-12,-14,-491,-491,-446,-418,-750,-733,-679,-650,-614,-512,-727,-683,-1484,-1533,-4134,29986,-1024,-200,-1571,-1065,-3643,-2460,-29966,-29969,-29988,-29989,-29989,-29983,-29983,-29984,-29984,-29985,-29985,-29986,-29986,-29987,-29987,-29988,-29988,-29989,-29989,-29990,-29990,-29991,-29992,-29992,-29992,-29989,-29990,-29991,-29991,-29992,-29995,-29996,-29996,-29997,-29997,-29998,-29998,-29998,-29998,-29998,-29998,-29998,-29998,-29999]} 1. e4 c5 2. Nc3 Nc6 3. f4 d6 4. Nf3 a6 5. g3 Bg4 6. Bg2 {B23: Closed Sicilian: Lines without g3.} Nd4 7. O-O e6 {[#]} 8. h3 $146 {The position is equal.} ({Predecessor:} 8. d3 b5 9. Be3 Nxf3+ 10. Bxf3 Bxf3 11. Qxf3 Nf6 12. e5 dxe5 13. fxe5 Be7 14. exf6 gxf6 {1-0 (38) Petrovic,M (2017)-Djurovic,D (2305) Belgrade 2008}) 8... Bxf3 9. Bxf3 Nxf3+ 10. Qxf3 Be7 11. d3 Rc8 12. Bd2 Qc7 13. Kg2 Nf6 14. Rae1 O-O 15. f5 Qc6 16. e5 Qxf3+ 17. Rxf3 Nd5 (17... dxe5 $14 18. Rxe5 Bd6) 18. Nxd5 exd5 19. f6 $36 {[%mdl 2048] White has strong initiative.} Bd8 {intending ...dxe5.} 20. fxg7 (20. exd6 $18 {Strongly threatening fxg7.} Bxf6 21. Rf5) 20... Re8 $16 21. exd6 Rxe1 22. Bxe1 {Hoping for Rf5.} Kxg7 $2 {[%mdl 4096] Endgame KRB-KRB} (22... Rc6 $16) 23. g4 Bf6 $2 (23... Rc6 {was worth a try.} 24. Bg3 c4) 24. Bg3 Bxb2 25. Rf5 Rd8 26. Rxd5 c4 27. d4 Ba3 $2 (27... Rd7 28. Rg5+ Kf8) 28. g5 (28. d7 $142) 28... Rd7 $18 29. Be5+ Kg6 30. h4 b5 $2 (30... Kf5) 31. Kf3 Kf5 {Black hopes to continue with ...Ke6.} 32. Bf6+ Ke6 33. Re5+ Kxd6 34. Ke4 Kc6 (34... Kc7 $142 35. Re8 a5) 35. d5+ Kc7 36. Kd4 Bb2+ 37. Kc5 $4 {[%mdl 8192]} (37. c3 $18 {is the narrow road to win.}) 37... Bxe5 $19 38. Bxe5+ {KR-KB} Kb7 (38... Kc8 $19 39. Bd4 Re7) 39. Bf6 $2 (39. Bc3 $17 {keeps fighting.}) 39... c3 $2 (39... Rc7+ $19 40. Kd6 b4) 40. d6 $11 {[#]} b4 $1 41. Be7 $1 (41. Kxb4 Rxd6) 41... a5 42. Kb5 Ka7 $2 {[%mdl 8192]} (42... Kb8 $11) 43. Kxa5 $2 (43. Kc6 $18 Rb7 44. d7) 43... Rb7 44. Bf6 Kb8 45. Ka6 Kc8 46. Be7 Rb8 {Threatens to win with ...Ra8+.} 47. Ka7 $2 {[%mdl 8192] [#]} (47. Ka5 $1 $11 {and White is okay.}) 47... Rb5 $1 $19 {aiming for ...Ra5+.} 48. Ka6 Rd5 49. d7+ (49. Kb6 $142 Kd7 50. Bf8) 49... Kxd7 50. Bxb4 Rd4 51. Bxc3 Rxh4 52. Bf6 Ra4+ 53. Kb5 Rxa2 54. c4 Rb2+ $4 {[%mdl 8192]} (54... Rf2 $19 55. Bc3 Rf5+ 56. c5 Rxg5) 55. Kc5 $4 {[%mdl 8192]} (55. Bxb2 {was the only winning move.} Kd6 56. c5+ Ke6 57. Kb6 Kf5 58. c6 Ke6 59. c7 Kf5 60. Bf6) 55... Rc2 $2 (55... Rf2 56. Bg7 Rf5+ 57. Kd4 Rxg5) 56. Kb5 $2 (56. Kd5) 56... Ke6 57. c5 Kd5 58. c6 Rxc6 {Black mates.} 59. Kb4 {[#]} Rxf6 $1 60. gxf6 {KPP-KP} Ke6 61. Kc4 Kxf6 {KP-KP} 62. Kd4 Kg5 63. Ke3 Kg4 64. Kf2 f5 65. Kg1 h5 66. Kh2 f4 67. Kg2 h4 68. Kf2 h3 69. Kg1 Kg3 70. Kh1 Kf3 71. Kg1 Ke2 72. Kh2 f3 73. Kg1 f2+ 74. Kh2 Kf3 75. Kxh3 f1=Q+ 76. Kh4 Qg1 {[%csl Gf3][%cal Rg1g4]} 77. Kh5 Kf4 {[%csl Gf4][%cal Rg1g5]} 78. Kh6 Kf5 {[%csl Gf5][%cal Rg1g6]} 79. Kh7 Kf6 {Accuracy: White = 43%, Black = 51%.} 0-1

[Event "448. Wednesday (05.08.2020)"]
[Site "Official B"]
[Date "2020.08.05"]
[Round "5"]
[White "Königsinder"]
[Black "Chesstiger9"]
[Result "0-1"]
[WhiteElo "1676"]
[BlackElo "1941"]
[Annotator "TA"]
[PlyCount "70"]
[EventDate "2020.08.05"]
[EventType "swiss (blitz)"]
[WhiteTeam "SF Barsinghausen"]

{[%evp 9,69,31,104,63,73,69,96,2,65,54,51,-23,44,-33,464,77,355,350,393,376,376,361,363,360,363,332,364,324,331,258,323,264,887,864,864,892,858,828,708,0,706,330,314,197,282,276,271,240,265,207,222,216,263,266,366,223,256,123,130,-141,-102,-29999]} 1. e4 g6 2. d4 Bg7 3. Nc3 d6 4. Nf3 Nf6 5. Be3 Bg4 (5... O-O $14) 6. Qd2 {B08: Pirc Defence: Classical System.} Bxf3 7. gxf3 O-O 8. Bh6 {[#]} (8. O-O-O $16) 8... Nbd7 $146 (8... c5 $11) ({Predecessor:} 8... Bxh6 9. Qxh6 e5 10. O-O-O exd4 11. Rxd4 Nc6 12. Rd1 Qe7 13. h4 Kh8 14. h5 Ng8 {0-1 (29) Dominguez Perez,L (2739)-Vachier Lagrave,M (2779) chess.com INT 2018}) 9. h4 e5 10. d5 (10. dxe5 $14 dxe5 11. Bg5) 10... Nh5 (10... Bxh6 $11 11. Qxh6 Nh5) 11. Bh3 (11. Be3 $14) 11... Qxh4 $2 {[%mdl 8192]} (11... Bxh6 $15 {stays ahead.} 12. Qxh6 Ndf6) 12. O-O-O $2 (12. Bg5 $18 {and the rest is easy.} Bh6 13. Bxh4 Bxd2+ 14. Kxd2) 12... Qe7 $2 {[%mdl 8192]} (12... Bxh6 $16 13. Qxh6 Ndf6) 13. Bxd7 $18 Qxd7 {[#]} 14. Rxh5 $1 {[%mdl 512]} f5 (14... gxh5 15. Bxg7) 15. Rh2 f4 16. Rdh1 Rf7 17. Qd1 b5 18. Qf1 b4 19. Ne2 a5 20. Qh3 Qb5 $2 (20... Qxh3 21. Rxh3 Bf6) 21. Bxg7 Rxg7 22. Qe6+ Kh8 {[#]} 23. Qf6 $1 {White wants to mate with Rxh7+.} Kg8 24. Qe6+ Kh8 {[#]} 25. Kd1 (25. Rxh7+ $142 $3 {[%mdl 512]} Rxh7 26. Qf6+ Kg8 27. Qxg6+ {[%mdl 64] Double Attack} Rg7 28. Qe6+ Rf7 29. Qh6) 25... Rf8 26. Re1 Qc4 (26... Re8 $142 27. Qf6 Kg8) 27. b3 Qb5 28. Qh3 a4 29. Qf1 axb3 30. axb3 Ra8 31. Nc1 Qb6 32. Rh1 Ra1 {[#]} 33. Qe2 (33. Qh3 $1 $18 {Qc8+ would kill now.} Qd4+ 34. Ke2) 33... Qd4+ $16 34. Qd2 $2 {[%mdl 8192] [#]} (34. Qd3 $16 {is forced if you want to stay better. And now Qxd4 would win.} Qxf2 35. Ref1) 34... Rxc1+ $1 $17 {[%mdl 576] Back Rank, Clearance} 35. Kxc1 $4 {[%mdl 8192]} (35. Ke2 $17 Rxe1+ 36. Rxe1) 35... Qa1# {Accuracy: White = 27%, Black = 32%.} 0-1

[Event "448. Wednesday (05.08.2020)"]
[Site "Official B"]
[Date "2020.08.05"]
[Round "5"]
[White "Watchel"]
[Black "W0rthl33s"]
[Result "1-0"]
[WhiteElo "1623"]
[BlackElo "1511"]
[Annotator "NA RC"]
[PlyCount "83"]
[EventDate "2020.08.05"]
[EventType "swiss (blitz)"]

1. c4 {[%emt 0:00:02]} d6 {[%emt 0:00:01]} 2. Nc3 {[%emt 0:00:01]} e5 {[%emt 0:00:01]} 3. Nf3 {[%emt 0:00:02]} f5 {[%emt 0:00:01]} 4. g3 {[%emt 0:00:01]} Nf6 {[%emt 0:00:01]} 5. d4 {[%emt 0:00:01]} e4 {[%emt 0:00:01]} 6. Ng5 {[%emt 0:00:01]} c6 {[%emt 0:00:04]} 7. e3 {[%emt 0:00:02]} Be7 {[%emt 0:00:01]} 8. Nh3 {[%emt 0:00:01]} O-O {[%emt 0:00:01]} 9. Bg2 {[%emt 0:00:01]} Be6 {[%emt 0:00:01]} 10. b3 {[%emt 0:00:03]} d5 {[%emt 0:00:03]} 11. Nf4 {[%emt 0:00:01]} Bf7 {[%emt 0:00:02]} 12. cxd5 {[%emt 0:00:01]} cxd5 {[%emt 0:00:02]} 13. O-O {[%emt 0:00:02]} Nc6 {[%emt 0:00:03]} 14. a3 {[%emt 0:00:02]} Bd6 {[%emt 0:00:07]} 15. Nfe2 {[%emt 0:00:05]} Bh5 {[%emt 0:00:07]} 16. Qc2 {[%emt 0:00:02]} Qe8 {[%emt 0:00:06]} 17. b4 {[%emt 0:00:04]} a6 {[%emt 0:00:02]} 18. Qb3 {[%emt 0:00:02]} Bf7 {[%emt 0:00:04]} 19. Bh3 {[%emt 0:00:09]} g6 {[%emt 0:00:05]} 20. Bg2 {[%emt 0:00:06]} Na7 {[%emt 0:00:06]} 21. Bd2 {[%emt 0:00:01]} Rc8 {[%emt 0:00:04]} 22. Rac1 {[%emt 0:00:03]} Nb5 {[%emt 0:00:16]} 23. Na4 {[%emt 0:00:05]} Qd7 {[%emt 0:00:06]} 24. Nc5 {[%emt 0:00:06]} Bxc5 {[%emt 0:00:10]} 25. bxc5 {[%emt 0:00:09]} Na7 {[%emt 0:00:03]} 26. Rb1 {[%emt 0:00:04]} Rb8 {[%emt 0:00:04]} 27. Qb6 {[%emt 0:00:02]} Nc6 {[%emt 0:00:02]} 28. Nf4 {[%emt 0:00:05]} Qd8 {[%emt 0:00:16]} 29. Qb3 {[%emt 0:00:06]} Qd7 {[%emt 0:00:06]} 30. Rb2 {[%emt 0:00:03]} g5 {[%emt 0:00:10]} 31. Ne2 {[%emt 0:00:07]} Bh5 {[%emt 0:00:03]} 32. Nc3 {[%emt 0:00:05]} Bf3 {[%emt 0:00:15]} 33. Rfb1 {[%emt 0:00:11]} Rf7 {[%emt 0:00:04]} 34. Qa4 {[%emt 0:00:16]} a5 {[%emt 0:00:34]} 35. Rb6 {[%emt 0:00:15]} Nd8 {[%emt 0:00:04]} 36. Qb3 {[%emt 0:00:16]} Nc6 {[%emt 0:00:13]} 37. Qa4 {[%emt 0:00:20]} Nh5 {[%emt 0:00:21]} 38. Rxc6 {[%emt 0:00:11]} f4 {[%emt 0:00:13]} 39. exf4 {[%emt 0:00:12]} gxf4 {[%emt 0:00:03]} 40. Rcb6 {[%emt 0:00:08]} fxg3 {[%emt 0:00:06]} 41. Qxd7 {[%emt 0:00:02]} Rxd7 {[%emt 0:00:03]} 42. hxg3 {[%emt 0:00:04] W0rthl33s gibt auf (Lag: Av=0.82s, max=1.5s)} 1-0

[Event "448. Wednesday (05.08.2020)"]
[Site "Official B"]
[Date "2020.08.05"]
[Round "5"]
[White "SyWolf777"]
[Black "Verteidigung"]
[Result "1/2-1/2"]
[WhiteElo "1607"]
[BlackElo "1453"]
[Annotator "NA RC"]
[PlyCount "69"]
[EventDate "2020.08.05"]
[EventType "swiss (blitz)"]

1. e4 {[%emt 0:00:03]} c6 {[%emt 0:00:03]} 2. d4 {[%emt 0:00:01]} d5 {[%emt 0:00:02]} 3. exd5 {[%emt 0:00:02]} cxd5 {[%emt 0:00:01]} 4. Bd3 {[%emt 0:00:01]} Nc6 {[%emt 0:00:02]} 5. c3 {[%emt 0:00:01]} Nf6 {[%emt 0:00:01]} 6. Nf3 {[%emt 0:00:01]} Bg4 {[%emt 0:00:02]} 7. Nbd2 {[%emt 0:00:01]} g6 {[%emt 0:00:04]} 8. O-O {[%emt 0:00:01]} Bg7 {[%emt 0:00:01]} 9. h3 {[%emt 0:00:01]} Bxf3 {[%emt 0:00:03]} 10. Nxf3 {[%emt 0:00:01]} O-O {[%emt 0:00:01]} 11. Re1 {[%emt 0:00:02]} e6 {[%emt 0:00:04]} 12. Bg5 {[%emt 0:00:05]} Qc7 {[%emt 0:00:02]} 13. Qd2 {[%emt 0:00:05]} Rac8 {[%emt 0:00:06]} 14. Bh6 {[%emt 0:00:04]} a6 {[%emt 0:00:04]} 15. Bxg7 {[%emt 0:00:01]} Kxg7 {[%emt 0:00:01]} 16. Ne5 {[%emt 0:00:06]} Nxe5 {[%emt 0:00:29]} 17. dxe5 {[%emt 0:00:04]} Nd7 {[%emt 0:00:02]} 18. f4 {[%emt 0:00:02]} Qc5+ {[%emt 0:00:06]} 19. Kh1 {[%emt 0:00:03]} Qe7 {[%emt 0:00:02]} 20. Qf2 {[%emt 0:00:13]} Nc5 {[%emt 0:00:05]} 21. Bc2 {[%emt 0:00:03]} b5 {[%emt 0:00:11]} 22. a3 {[%emt 0:00:03]} Rfd8 {[%emt 0:00:29]} 23. Rad1 {[%emt 0:00:04]} Rc7 {[%emt 0:00:41]} 24. g4 {[%emt 0:00:18]} Ne4 {[%emt 0:00:23]} 25. Bxe4 {[%emt 0:00:05]} dxe4 {[%emt 0:00:01]} 26. Rxd8 {[%emt 0:00:07]} Qxd8 {[%emt 0:00:04]} 27. Rxe4 {[%emt 0:00:02]} Qd1+ {[%emt 0:00:19]} 28. Kg2 {[%emt 0:00:24]} Rd7 {[%emt 0:00:04]} 29. Rd4 {[%emt 0:00:05]} Rxd4 {[%emt 0:00:05]} 30. cxd4 {[%emt 0:00:11]} Qd3 {[%emt 0:00:14]} 31. h4 {[%emt 0:00:30]} Qe4+ {[%emt 0:00:02]} 32. Kh3 {[%emt 0:00:07]} Qd3+ {[%emt 0:00:05]} 33. Kg2 {[%emt 0:00:01]} Qe4+ {[%emt 0:00:01]} 34. Kg3 {[%emt 0:00:01]} Qd3+ {[%emt 0:00:03]} 35. Kg2 {[%emt 0:00:06] (Lag: Av=0.34s, max=0.7s)} 1/2-1/2

[Event "448. Wednesday (05.08.2020)"]
[Site "Official B"]
[Date "2020.08.05"]
[Round "5"]
[White "Handgottes"]
[Black "W Nelles"]
[Result "1-0"]
[WhiteElo "1573"]
[BlackElo "1331"]
[Annotator "NA RC"]
[PlyCount "101"]
[EventDate "2020.08.05"]
[EventType "swiss (blitz)"]

1. e4 {[%emt 0:00:09]} e5 {[%emt 0:00:02]} 2. Nf3 {[%emt 0:00:04]} Nc6 {[%emt 0:00:02]} 3. Bc4 {[%emt 0:00:03]} d6 {[%emt 0:00:02]} 4. d4 {[%emt 0:00:10]} Bg4 {[%emt 0:00:03]} 5. dxe5 {[%emt 0:00:11]} Nxe5 {[%emt 0:00:08]} 6. Be2 {[%emt 0:00:06]} Nxf3+ {[%emt 0:00:05]} 7. Bxf3 {[%emt 0:00:02]} h5 {[%emt 0:00:02]} 8. O-O {[%emt 0:00:06]} Nf6 {[%emt 0:00:05]} 9. Bg5 {[%emt 0:00:04]} Be7 {[%emt 0:00:04]} 10. Nc3 {[%emt 0:00:02]} c6 {[%emt 0:00:08]} 11. Qd3 {[%emt 0:00:07]} Qa5 {[%emt 0:00:12]} 12. Bh4 {[%emt 0:00:12]} g5 {[%emt 0:00:05]} 13. Bg3 {[%emt 0:00:18]} Rd8 {[%emt 0:00:13]} 14. h4 {[%emt 0:00:09]} Bxf3 {[%emt 0:00:20]} 15. Qxf3 {[%emt 0:00:07]} Ng4 {[%emt 0:00:04]} 16. Rfd1 {[%emt 0:00:20]} gxh4 {[%emt 0:00:10]} 17. Bh2 {[%emt 0:00:06]} Nxh2 {[%emt 0:00:11]} 18. Kxh2 {[%emt 0:00:05]} Qe5+ {[%emt 0:00:03]} 19. Kg1 {[%emt 0:00:03]} Qg5 {[%emt 0:00:17]} 20. Qh3 {[%emt 0:00:06]} Qg4 {[%emt 0:00:04]} 21. Rd3 {[%emt 0:00:06]} Qxh3 {[%emt 0:00:09]} 22. gxh3 {[%emt 0:00:04]} Rg8+ {[%emt 0:00:02]} 23. Kh2 {[%emt 0:00:04]} Bf6 {[%emt 0:00:05]} 24. f4 {[%emt 0:00:05]} Kf8 {[%emt 0:00:07]} 25. Rad1 {[%emt 0:00:07]} Be7 {[%emt 0:00:07]} 26. Ne2 {[%emt 0:00:08]} f6 {[%emt 0:00:13]} 27. Nd4 {[%emt 0:00:03]} Kf7 {[%emt 0:00:04]} 28. Nf5 {[%emt 0:00:03]} Rg6 {[%emt 0:00:07]} 29. Nxh4 {[%emt 0:00:06]} Rgg8 {[%emt 0:00:06]} 30. Nf5 {[%emt 0:00:02]} Rg6 {[%emt 0:00:04]} 31. Nxd6+ {[%emt 0:00:03]} Bxd6 {[%emt 0:00:06]} 32. Rxd6 {[%emt 0:00:02]} Rxd6 {[%emt 0:00:05]} 33. Rxd6 {[%emt 0:00:04]} Ke7 {[%emt 0:00:01]} 34. Rd2 {[%emt 0:00:04]} a5 {[%emt 0:00:09]} 35. Rg2 {[%emt 0:00:02]} Rxg2+ {[%emt 0:00:04]} 36. Kxg2 {[%emt 0:00:02]} Kd6 {[%emt 0:00:01]} 37. Kf3 {[%emt 0:00:02]} Kc5 {[%emt 0:00:03]} 38. Ke3 {[%emt 0:00:02]} Kc4 {[%emt 0:00:02]} 39. a3 {[%emt 0:00:06]} a4 {[%emt 0:00:10]} 40. h4 {[%emt 0:00:03]} b5 {[%emt 0:00:02]} 41. f5 {[%emt 0:00:12]} Kc5 {[%emt 0:00:06]} 42. Kd3 {[%emt 0:00:02]} Kd6 {[%emt 0:00:02]} 43. c4 {[%emt 0:00:03]} Kc5 {[%emt 0:00:08]} 44. cxb5 {[%emt 0:00:03]} cxb5 {[%emt 0:00:02]} 45. Kc3 {[%emt 0:00:03]} Kd6 {[%emt 0:00:08]} 46. Kd4 {[%emt 0:00:02]} Kc6 {[%emt 0:00:03]} 47. e5 {[%emt 0:00:03]} fxe5+ {[%emt 0:00:05]} 48. Kxe5 {[%emt 0:00:03]} Kd7 {[%emt 0:00:02]} 49. f6 {[%emt 0:00:03]} Ke8 {[%emt 0:00:03]} 50. Ke6 {[%emt 0:00:02]} Kf8 {[%emt 0:00:02]} 51. f7 {[%emt 0:00:02] Zeit (Lag: Av=1.58s, max=2.1s)} 1-0